Countries with Wild Parrots - Statistics

General Stats
  • This quiz has been taken 171 times
    142 since last reset
  • The average score is 90 of 122
Answer Stats
1 Continents Countries % Correct
au Oceania Australia
91%
br South America Brazil
91%
in Asia India
91%
us North America United States
91%
cn Asia China
89%
mx North America Mexico
89%
nz Oceania New Zealand
89%
ar South America Argentina
88%
cl South America Chile
88%
id Asia/Oceania Indonesia
88%
pa North America Panama
87%
pe South America Peru
87%
co South America Colombia
86%
cr North America Costa Rica
86%
cd Africa Democratic Republic of the Congo
86%
my Asia Malaysia
86%
py South America Paraguay
86%
uy South America Uruguay
86%
bo South America Bolivia
85%
ec South America Ecuador
85%
gy South America Guyana
85%
vn Asia Vietnam
84%
do North America Dominican Republic
83%
pg Oceania Papua New Guinea
83%
cg Africa Republic of the Congo
83%
cu North America Cuba
82%
hn North America Honduras
82%
la Asia Laos
82%
mm Asia Myanmar
82%
za Africa South Africa
82%
ve South America Venezuela
82%
pk Asia Pakistan
80%
lk Asia Sri Lanka
80%
th Asia Thailand
80%
bz North America Belize
79%
gt North America Guatemala
79%
ht North America Haiti
79%
ke Africa Kenya
79%
sr South America Suriname
79%
bs North America Bahamas
77%
bb North America Barbados
77%
bt Asia Bhutan
77%
kh Asia Cambodia
77%
et Africa Ethiopia
77%
np Asia Nepal
77%
ni North America Nicaragua
77%
ph Asia Philippines
77%
sg Asia Singapore
77%
tz Africa Tanzania
76%
zm Africa Zambia
76%
sv North America El Salvador
75%
fj Oceania Fiji
75%
gn Africa Guinea
75%
sd Africa Sudan
75%
zw Africa Zimbabwe
75%
ao Africa Angola
74%
gh Africa Ghana
74%
jm North America Jamaica
74%
ne Africa Niger
74%
sn Africa Senegal
74%
so Africa Somalia
74%
tg Africa Togo
74%
bd Asia Bangladesh
73%
dm North America Dominica
73%
sz Africa Eswatini
73%
na Africa Namibia
73%
tt North America Trinidad and Tobago
73%
tv Oceania Tuvalu
73%
bw Africa Botswana
72%
ls Africa Lesotho
72%
ng Africa Nigeria
72%
ss Africa South Sudan
72%
td Africa Chad
71%
ci Africa Ivory Coast
71%
mg Africa Madagascar
71%
ws Oceania Samoa
71%
ug Africa Uganda
71%
bn Asia Brunei
70%
cm Africa Cameroon
70%
cf Africa Central African Republic
70%
fr South America France (French Guiana)
70%
gw Africa Guinea-Bissau
70%
mv Asia Maldives
70%
rw Africa Rwanda
70%
bj Africa Benin
68%
gm Africa Gambia
68%
mw Africa Malawi
68%
to Oceania Tonga
68%
dj Africa Djibouti
67%
tl Asia East Timor
67%
mr Africa Mauritania
67%
mu Africa Mauritius
67%
mz Africa Mozambique
67%
kn North America Saint Kitts and Nevis
67%
fm Oceania Federated States of Micronesia
66%
pw Oceania Palau
66%
sb Oceania Solomon Islands
66%
gq Africa Equatorial Guinea
65%
fr Africa France France (Réunion and Mayotte)
65%
fr North America France (Guadeloupe and Martinique)
65%
ml Africa Mali
65%
sc Africa Seychelles
65%
sl Africa Sierra Leone
65%
vu Oceania Vanuatu
65%
ag North America Antigua and Barbuda
64%
bi Africa Burundi
64%
er Africa Eritrea
64%
lr Africa Liberia
64%
lc North America Saint Lucia
64%
bf Africa Burkina Faso
63%
km Africa Comoros
63%
ki Oceania Kiribati
63%
nr Oceania Nauru
63%
gb North America United Kingdom (Anguilla, British Virgin Islands, Cayman Islands, Montserrat, and Turks and Caicos Islands)
63%
cv Africa Cape Verde
62%
vc North America Saint Vincent and the Grenadines
62%
st Africa São Tomé and Príncipe
62%
ga Africa Gabon
61%
gd North America Grenada
60%
ye Asia/Africa Yemen
60%
om Asia Oman
59%
nl South America Netherlands (Curaçao and Aruba)
40%
No matching quizzes found
Score Distribution
Percent of People with Each Score
Percentile by Number Answered
Your Score History
You have not taken this quiz since the last reset